Demon thief / (Record no. 234733)

000 -LEADER
fixed length control field 01316cam a2200301 a 4500
001 - CONTROL NUMBER
control field 13998964
003 - CONTROL NUMBER IDENTIFIER
control field Nust
005 - DATE AND TIME OF LATEST TRANSACTION
control field 20170330101254.0
008 - FIXED-LENGTH DATA ELEMENTS--GENERAL INFORMATION
fixed length control field 050610s2006 nyu d 000 1 eng
010 ## - LIBRARY OF CONGRESS CONTROL NUMBER
LC control number 2005016035
020 ## - INTERNATIONAL STANDARD BOOK NUMBER
International Standard Book Number 9780007221516
040 ## - CATALOGING SOURCE
Original cataloging agency DLC
Transcribing agency DLC
Modifying agency DLC
042 ## - AUTHENTICATION CODE
Authentication code lcac
050 00 - LIBRARY OF CONGRESS CALL NUMBER
Classification number PZ7.S52823
Item number Dem 2006
082 00 - DEWEY DECIMAL CLASSIFICATION NUMBER
Classification number 823
Author Mark SHA
100 1# - MAIN ENTRY--PERSONAL NAME
Personal name Shan, Darren.
245 10 - TITLE STATEMENT
Title Demon thief /
Statement of responsibility, etc. by Darren Shan.
250 ## - EDITION STATEMENT
Edition statement 1st U.S. ed.
260 ## - PUBLICATION, DISTRIBUTION, ETC.
Place of publication, distribution, etc. New York :
Name of publisher, distributor, etc. Little, Brown,
Date of publication, distribution, etc. 2006.
300 ## - PHYSICAL DESCRIPTION
Extent 274 p. ;
Dimensions 22 cm.
490 1# - SERIES STATEMENT
Series statement The Demonata ;
Volume/sequential designation bk. 2
520 ## - SUMMARY, ETC.
Summary, etc. With the opening of a window into a demon world, a boy discovers his powers as a Disciple and his mission to hunt the viciously powerful Demonata to the death.
650 #1 - SUBJECT ADDED ENTRY--TOPICAL TERM
Topical term or geographic name entry element Demonology
Form subdivision Fiction.
650 #1 - SUBJECT ADDED ENTRY--TOPICAL TERM
Topical term or geographic name entry element Horror stories.
800 1# - SERIES ADDED ENTRY--PERSONAL NAME
Personal name Shan, Darren.
Title of a work Demonata ;
Volume/sequential designation bk. 2.
856 42 - ELECTRONIC LOCATION AND ACCESS
Materials specified Contributor biographical information
Uniform Resource Identifier <a href="http://www.loc.gov/catdir/enhancements/fy0742/2005016035-b.html">http://www.loc.gov/catdir/enhancements/fy0742/2005016035-b.html</a>
906 ## - LOCAL DATA ELEMENT F, LDF (RLIN)
a 7
b cbc
c orignew
d 1
e ecip
f 20
g y-gencatlg
942 ## - ADDED ENTRY ELEMENTS (KOHA)
Source of classification or shelving scheme
Koha item type Book
Holdings
Withdrawn status Lost status Source of classification or shelving scheme Damaged status Not for loan Permanent Location Current Location Shelving location Date acquired Total Checkouts Total Renewals Full call number Barcode Date last seen Date last checked out Copy number Price effective from Koha item type
          Central Library (CL) Central Library (CL) Fiction 03/30/2017 1 1 823.914 SHA CL1459 06/09/2022 10/27/2017 1 03/30/2017 Book
© 2023 Central Library, National University of Sciences and Technology. All Rights Reserved.